000 00677nam a22002177a 4500
003 BD-DhJNU
005 20250603084106.0
008 250603b |||||||| |||| 00| 0 eng d
020 _a0675200989
040 _aBD-DhJNU
_bENG
_cBD-DhJNU
_dBD-DhJNU
082 _223
_a158.7
100 _aGray, Jerry L.
245 _aOrganizational behavior :
_bconcepts and applications /
_cJerry L. Gray and Frederick A. Starke
250 _a3rd ed.
260 _aColumbus :
_bCharles E. Merrill Publishing Company,
_c1984.
300 _ax, 746 p. :
_bill. ;
_c25 cm.
504 _aincludes index
650 _aOrganizational behavior
700 _aStarke, Frederick A.
942 _2ddc
_cBK
_n0
999 _c1763
_d1763